Central Library OPAC University of Rajshahi

পাকিস্তান : বিটুইন মস্ক অ্যান্ড মিলিটারি = মোল্লা ও মিলিটারির কবলে পাকিস্তান / (Record no. 74362)

MARC details
000 -LEADER
fixed length control field 01499nam a2200301 a 4500
001 - CONTROL NUMBER
control field 74362
003 - CONTROL NUMBER IDENTIFIER
rucl marc code BD-RjUL
005 - DATE AND TIME OF LATEST TRANSACTION
control field 20211209082536.0
008 - FIXED-LENGTH DATA ELEMENTS--GENERAL INFORMATION
fixed length control field 180725s2015 b ||||| b||| 001 0 ben d
020 ## - INTERNATIONAL STANDARD BOOK NUMBER
International Standard Book Number 9789849079897
Terms of availability :tk. 550.00
035 ## - SYSTEM CONTROL NUMBER
System control number (BD-RjUL)74580
040 ## - CATALOGING SOURCE
Original cataloging agency BD-RjUL
Language of cataloging eng
Transcribing agency BD-RjUL
041 ## - LANGUAGE CODE
Language code of text/sound track or separate title eng
082 ## - DEWEY DECIMAL CLASSIFICATION NUMBER
Edition number 23
Classification number 322.509549
Author mark and year HAP 2015
100 1# - MAIN ENTRY--PERSONAL NAME
Personal name হাক্কানী, হুসেন
9 (RLIN) 221910
245 10 - TITLE STATEMENT
Title পাকিস্তান : বিটুইন মস্ক অ্যান্ড মিলিটারি = মোল্লা ও মিলিটারির কবলে পাকিস্তান /
Statement of responsibility, etc. হুসেন হাক্কানী ; অনূবাদ, এ কে মোহাম্মাদ আলী শিকদার
260 ## - PUBLICATION, DISTRIBUTION, ETC. (IMPRINT)
Place of publication, distribution, etc. ঢাকা ঃ
Name of publisher, distributor, etc. বিজয় প্রকাশ ,
Date of publication, distribution, etc. ২০১৫
300 ## - PHYSICAL DESCRIPTION
Pagination ৪৪৩ পৃ ;
Size ২২ সেমি.
504 ## - BIBLIOGRAPHY, ETC. NOTE
Bibliography, etc গ্রন্থপঞ্জী সংযুক্ত
650 ## - SUBJECT ADDED ENTRY--TOPICAL TERM
Topical term or geographic name as entry element সিভিল-সামরিক সম্পর্ক
Geographic subdivision পাকিস্তান
9 (RLIN) 186636
Topical term or geographic name as entry element Civil-military relations
Geographic subdivision Pakistan.
9 (RLIN) 221911
Topical term or geographic name as entry element ইসলাম ও রাজনীতি
9 (RLIN) 221912
Topical term or geographic name as entry element Islam and politics
9 (RLIN) 221913
Topical term or geographic name as entry element সিভিল-সামরিক সম্পর্ক
9 (RLIN) 186636
Topical term or geographic name as entry element Civil-military relations.
9 (RLIN) 221914
700 ## - ADDED ENTRY--PERSONAL NAME
Personal name শিকদার, এ কে মোহাম্মাদ
942 ## - ADDED ENTRY ELEMENTS (KOHA)
Source of classification or shelving scheme Dewey Decimal Classification
Koha item type Books
Holdings
Lost status Source of classification or shelving scheme Damaged status Not for loan Collection code Permanent Location Current Location Shelving location Date acquired Source of acquisition Cost, normal purchase price Total Checkouts Full call number Date last seen Copy number Koha item type
  Dewey Decimal Classification   Not For Loan Non-fiction Central Library, University of Rajshahi Central Library, University of Rajshahi Reading Room 22/03/2017 Rajshahi news Home 550.00   B 322.5095491 HAP 2015 25/07/2018 C-1 Books
  Dewey Decimal Classification     Non-fiction Central Library, University of Rajshahi Central Library, University of Rajshahi   22/03/2017 Rajshahi news Home 550.00   B 322.5095491 HAP 2015 25/07/2018 C-2 Books
  Dewey Decimal Classification     Non-fiction Central Library, University of Rajshahi Central Library, University of Rajshahi   22/03/2017 Rajshahi news Home 550.00   B 322.5095491 HAP 2015 25/07/2018 C-3 Books